Every CFB Team That Beat UMASS - Statistics

General Stats
  • This quiz has been taken 14 times
  • The average score is 7 of 12
Answer Stats
Hint Answer % Correct
Week 9 Central Michigan
86%
Week 6 Western Michigan
86%
Week 7 Kent St.
79%
Week 11 Akron
71%
Week 8 Buffalo
71%
Week 13 Ohio
71%
Week 14 Bowling Green
57%
Week 12 Northern Illinois
57%
Week 2 Bryant
36%
Week 3 Iowa
36%
Week 5 Missouri
36%
Week 1 Temple
36%
No matching quizzes found
Score Distribution
Percent of People with Each Score
Percentile by Number Answered
Your Score History
You have not taken this quiz